书目信息 |
| 题名: |
旅游景区经营管理
|
|
| 作者: | 周玲强 编著 | |
| 分册: | ||
| 出版信息: | 杭州 浙江大学出版社 2006.02 |
|
| 页数: | 303页 | |
| 开本: | 24cm | |
| 丛书名: | 21世纪旅游管理学精品图书 | |
| 单 册: | ||
| 中图分类: | F590.3 | |
| 科图分类: | ||
| 主题词: | 旅游点--lu you dian--经济管理 | |
| 电子资源: | ||
| ISBN: | 7-308-04629-X | |
| 000 | 00898nam 2200241 450 | |
| 001 | 012007069269 | |
| 005 | 20070521085359.45 | |
| 010 | @a7-308-04629-X@dCNY28.00 | |
| 100 | @a20070310d2006 km y0chiy0120 ea | |
| 101 | 0 | @achi |
| 102 | @aCN@b330000 | |
| 105 | @ay z 000yy | |
| 200 | 1 | @a旅游景区经营管理@Alu you jing qu jing ying guan li@f周玲强等编著@Fzhou ling qiang deng bian zhu |
| 210 | @a杭州@c浙江大学出版社@d2006.02 | |
| 215 | @a303页@d24cm | |
| 225 | 2 | @a21世纪旅游管理学精品图书@A21 shi ji lu you guan li xue jing pin tu shu |
| 330 | @a本书回顾了旅游景区产生及发展的历史,对旅游景区的性质,特征,作用,类型进行了分析与归类。内容涵盖了旅游景区经营管理的主要方面。 | |
| 410 | 0 | @12001 @a21世纪旅游管理学精品图书 |
| 606 | 0 | @a旅游点@Alu you dian@x经济管理 |
| 690 | @aF590.3@v4 | |
| 701 | 0 | @a周玲强@Azhou ling qiang@4编著 |
| 801 | 0 | @aCN@c20070521 |
| 905 | @a10447@dF590.3@eZ775 | |
| 旅游景区经营管理/周玲强等编著.-杭州:浙江大学出版社,2006.02 |
| 303页;24cm.-(21世纪旅游管理学精品图书) |
| ISBN 7-308-04629-X:CNY28.00 |
| 本书回顾了旅游景区产生及发展的历史,对旅游景区的性质,特征,作用,类型进行了分析与归类。内容涵盖了旅游景区经营管理的主要方面。 |
| ● |
| 相关链接 |
|
|
|
正题名:旅游景区经营管理
索取号:F590.3/Z775
 
预约/预借
| 序号 | 登录号 | 条形码 | 馆藏地/架位号 | 状态 | 备注 |
| 1 | 236831 | 202368311 | 社科库409/409社科库 39排2列1层/ [索取号:F590.3/Z775] | 在馆 | |
| 2 | 236832 | 202368320 | 社科库409/409社科库 39排2列1层/ [索取号:F590.3/Z775] | 在馆 |